00245nam a2200097Ia 4500008004100000082001300041100002500054245003800079260002300117365000700140230302s9999 xx 000 0 und d a004.6STA aSTALLINGS (Williams) aData and Computer Communications  aNEW DELHI b PHI  cRS